000 00697nam a2200217Ia 4500
003 GCL
005 20240530105027.0
008 140319s9999 xx 000 0 ara d
040 _aGCL /
_cGCL
082 0 4 _a201.16
_bا س
100 1 _aانور الجندى
245 1 0 _aسقوط العلمانية /
_cانور الجندى
260 _aبيروت :
_bدار الكتاب اللبنانى
300 _a199 ص ؛
_c24 سم
490 _aالموسوعة الاسلامية العربية
_v2
650 0 4 _aالفلسفة الاسلامية
650 0 4 _aالفلسفة
650 0 4 _aالاسلام والمذاهب السياسية
650 0 4 _aالعلمانية
942 _2ddc
_cBK
999 _c52593
_d52593